The Wankel engine : The story of the revolutionary rotary engine Nicholas Faith
محفوظ في:
| المؤلف الرئيسي: | |
|---|---|
| التنسيق: | كتاب |
| اللغة: | Undetermined |
| منشور في: |
London
Allen & Unwin
1976
|
| الموضوعات: | |
| الوسوم: |
إضافة وسم
لا توجد وسوم, كن أول من يضع وسما على هذه التسجيلة!
|
| Thư viện lưu trữ: | Trung tâm Học liệu Trường Đại học Cần Thơ |
|---|
| LEADER | 00538nam a2200193Ia 4500 | ||
|---|---|---|---|
| 001 | CTU_83594 | ||
| 008 | 210402s9999 xx 000 0 und d | ||
| 082 | |a 621.43 | ||
| 082 | |b F174 | ||
| 100 | |a Faith, Nicholas | ||
| 245 | 4 | |a The Wankel engine : | |
| 245 | 4 | |b The story of the revolutionary rotary engine Nicholas Faith | |
| 245 | 0 | |c Nicholas Faith | |
| 260 | |a London | ||
| 260 | |b Allen & Unwin | ||
| 260 | |c 1976 | ||
| 650 | |a Wankel engine | ||
| 904 | |i QHieu(sửa) | ||
| 980 | |a Trung tâm Học liệu Trường Đại học Cần Thơ | ||